000 00399nam a22001217a 4500
003 SGT
082 _a200
_bB11U
100 _aउपाध्याय, भारत सिंह
245 _aबौद्धदर्शन तथा त्रप्रन्य भारतीय दर्शन
260 _bबंगाल हिंदी मंडल
_c2011
300 _a711
942 _2ddc
_cBK
999 _c31742
_d31742